[Event "RUS-chT Premier League 2018"]
[Site "Sochi"]
[Date "2018.05.03"]
[Round "3"]
[White "Yumakhuzhin, Vadim"]
[Black "Faizrakhmanov, Ramil"]
[Result "1-0"]
[WhiteElo "2184"]
[BlackElo "2426"]
[Annotator "TA"]
[PlyCount "79"]
[EventDate "2018.??.??"]
[EventCountry "RUS"]
[SourceTitle "playchess.com"]
[Source "ChessBase"]
[SourceQuality "1"]

{[%evp 20,79,-7,-25,0,7,0,-45,-22,-50,-16,-69,29,18,35,20,296,293,293,270,387,370,450,440,443,433,414,407,361,391,829,835,864,826,957,803,745,842,832,826,785,699,811,791,874,863,868,852,707,398,847,839,811,404,823,808,1533,1184,1645,1602,1264,1138]} 1. e4 c6 2. d4 d5 3. e5 Bf5 4. Nc3 e6 5. g4 Bg6 6. Nge2 c5 7. h4 h5 8. Nf4 Bh7 9. Nxh5 Nc6 {B12: Caro-Kann: Advance Variation} 10. dxc5 Bxc5 11. Bb5 {LiveBook: 27 Games} Kf8 {Black has an edge.} (11... Qc7 12. Bxc6+ Qxc6 13. Qf3 O-O-O 14. Nxg7 Ne7 15. Bg5 d4 16. Qxc6+ Nxc6 17. Na4 {½-½ (77) Liu,G (2448)-Vidit,S (2687) Chengdu 2017}) 12. Bxc6 bxc6 13. Qf3 Qc7 14. Kf1 $146 ({Predecessor:} 14. O-O Bd4 15. Re1 Bxc2 16. Bf4 Bg6 17. Ng3 Rxh4 {0-1 (40) Niemi,K (2312)-Paakkonen,T (2275) Finland 2008}) 14... Bxc2 15. Ng3 (15. Be3 $11 Bxe3 16. Qxe3) 15... Qxe5 (15... Be7 $15 16. Qe2 Bh7) 16. Bf4 $1 $11 {[%cal Rf4e5]} Qd4 17. Rc1 $1 {[%cal Rc1c2]} Qd3+ $2 {[%mdl 8192] [#]} (17... e5 $1 $11 {and Black stays safe.} 18. Bxe5 Bd3+ 19. Nce2 Qxe5 20. Qxd3 Bb6) 18. Qe2 $1 $18 Qxe2+ 19. Ncxe2 Bxf2 (19... Be7 $142) 20. Kxf2 Ba4 21. b3 Bb5 22. Nd4 Nf6 {intending ...e5.} 23. Nxb5 cxb5 24. g5 Ng4+ $2 (24... Ne8 25. Rc6 g6) 25. Kf3 f5 26. h5 g6 27. Bd6+ Kg8 28. hxg6 Rxh1 29. Rxh1 Rc8 30. Nh5 Rc3+ 31. Kf4 {[#] Black must now prevent Nf6+.} Nf2 32. Nf6+ Kg7 33. Ne8+ Kxg6 34. Rh6+ Kf7 {If only Black now had time for ...Nh3+....} 35. g6+ Kxe8 36. Rh8+ Kd7 37. g7 {White is clearly winning.} Nd3+ 38. Ke3 Nb4+ 39. Kd4 Rd3+ 40. Kc5 {Precision: White = 81%, Black = 40%.} 1-0

[Event "RUS-chT Premier League 2018"]
[Site "Sochi"]
[Date "2018.05.03"]
[Round "3"]
[White "Pogorelskikh, Sergey"]
[Black "Bocharov, Ivan"]
[Result "1/2-1/2"]
[WhiteElo "2153"]
[BlackElo "2547"]
[Annotator "TA"]
[PlyCount "173"]
[EventDate "2018.??.??"]
[EventCountry "RUS"]
[SourceTitle "playchess.com"]
[Source "ChessBase"]
[SourceQuality "1"]

{[%evp 17,173,0,9,5,14,0,12,0,16,-22,-22,-20,-20,-15,-19,-16,-12,-18,-13,-14,0,0,26,0,24,15,24,22,18,14,64,0,13,9,11,18,33,20,22,10,10,3,5,0,0,0,0,8,8,0,0,-7,-7,-7,0,-7,0,0,0,0,0,0,0,0,0,0,0,-68,-79,-93,-84,-120,-134,-139,-137,-147,-145,-148,-25,-193,-148,-148,-145,-148,-148,-148,-143,-162,-69,-69,-69,-262,-69,-93,-69,-69,-69,-69,-69,-69,-69,-69,-69,-69,-69,-69,-69,-69,-69,-70,-70,-69,-69,-70,-70,-70,-70,-70,-70,-70,-69,-70,-69,-69,-69,-69,-69,-69,-69,-69,0,-69,-69,-69,-69,-69,-69,-69,-69,-70,-70,-70,-70,-70,-69,-69,-69,-70,-70,-70,-70,-70,-70,-70,-70,-70,-70,-70]} 1. e4 e5 2. Nf3 Nc6 3. Bb5 a6 4. Ba4 Nf6 {[%cal Bg8f6,Bf6d7,Bd7c5][%mdl 32]} 5. O-O Be7 6. Bxc6 dxc6 7. d3 Nd7 8. b3 O-O 9. Bb2 f6 10. Qe2 {C85: Closed Ruy Lopez: Deferred Exchange Variation} Nc5 $146 ({Predecessor:} 10... c5 11. Nh4 Nb8 12. Nf5 Nc6 13. Nxe7+ Qxe7 14. Nc3 Nd4 15. Qd2 Be6 16. f4 exf4 17. Rxf4 f5 {1-0 (58) Sjugirov,S (2674)-Svidler,P (2762) Sochi 2016}) 11. d4 exd4 12. Nxd4 {The position is equal.} Qe8 13. Nf5 Bxf5 14. exf5 Bd6 15. Re1 Qxe2 16. Rxe2 Rfe8 17. Nc3 Rxe2 18. Nxe2 Re8 19. Kf1 Be5 ({Of course not} 19... Bxh2 $6 20. g3 $16) 20. Bd4 Ne4 21. Rd1 Nd6 22. Bxe5 Rxe5 $11 {[%mdl 4096] Endgame KRN-KRN} 23. g4 c5 24. f4 (24. Nc3 $14) 24... Re8 25. Kf2 c4 26. Kf3 cxb3 27. cxb3 Kf7 28. Nd4 g6 29. fxg6+ hxg6 30. f5 Rh8 31. fxg6+ Kxg6 32. Rd2 Nf7 33. Nf5 Ng5+ 34. Kf4 {Strongly threatening Rd7.} Rh3 $1 {[%csl Gg5][%cal Rh3f3] [#]} 35. Ng3 $1 c5 36. Re2 b5 37. Rc2 Ne6+ 38. Ke4 Kg5 39. Kd5 Nf4+ 40. Kxc5 Kxg4 41. Ne4 Rh6 42. Rd2 (42. Rc3 $11) 42... f5 $15 43. Nd6 Ne6+ 44. Kb6 Ng5 45. Ka5 {next Rg2+ is good for White.} f4 46. a4 bxa4 47. bxa4 f3 ({Black should play} 47... Nf3 $17 48. Rd1 Ne5 49. Rg1+ Kf3) 48. Nc4 $2 (48. Rd4+ $11 {and White is okay.} Kh3 49. Nf5) 48... Kf4 {White must now prevent ...Ne4.} 49. Rd4+ Ne4 50. Nd2 Ke3 51. Nxf3 Kxf3 $17 {KRN-KR} 52. Rb4 {[#]} Nc5 (52... Nd2 $1 $19 {Threatens to win with ...Ke3.} 53. h4 Kg3) 53. Rb6 $1 $15 {[%cal Rb6h6]} Rh5 {...Ke4 is the strong threat.} 54. Rc6 $2 (54. Kb4 $15) 54... Ke4 $2 ({Black should try} 54... Nd7+ $19 55. Kb4 a5+ 56. Ka3 Rxh2) 55. Kb6 Kd4 ({Much weaker is} 55... Rxh2 $6 56. Kxc5 Rc2+ 57. Kd6 $11) 56. a5 Nb3 57. Kxa6 Rxa5+ 58. Kb6 Rh5 59. Rg6 Rxh2 60. Rg4+ Kd5 61. Rg5+ Kc4 62. Rg4+ Nd4 63. Rg1 Rh6+ 64. Kc7 Nf3 65. Rc1+ Kd5 66. Kb7 Nd4 67. Rg1 Nb3 68. Rg5+ Kc4 69. Rg4+ Kb5 70. Kc7 Nc5 71. Rg1 Rc6+ 72. Kd8 Re6 73. Kc7 Rc6+ 74. Kd8 Rd6+ {Black is slightly better.} 75. Ke7 Kc6 76. Rh1 Re6+ 77. Kf7 Re2 78. Rh6+ Kd7 79. Rb6 Re7+ 80. Kg6 Kc7 81. Rb1 Kd6 82. Rc1 Re2 83. Kf5 Rf2+ 84. Kg4 Kd5 85. Ra1 Nb3 86. Ra8 Nd4 87. Rb8 {Precision: White = 56%, Black = 67%.} 1/2-1/2

[Event "RUS-chT Premier League 2018"]
[Site "Sochi"]
[Date "2018.05.04"]
[Round "4"]
[White "Svidler, Peter"]
[Black "Potkin, Vladimir"]
[Result "1/2-1/2"]
[WhiteElo "2760"]
[BlackElo "2574"]
[Annotator "TA"]
[PlyCount "45"]
[EventDate "2018.??.??"]
[EventCountry "RUS"]
[SourceTitle "playchess.com"]
[Source "ChessBase"]
[SourceQuality "1"]

{[%evp 9,45,9,26,7,0,6,10,0,14,-2,0,-16,-16,-32,0,-7,28,-21,0,-41,-18,-37,-22,-20,-19,-36,-43,-49,-48,-44,-47,-40,0,-37,0,0,0,-43]} 1. e4 e5 2. Nf3 Nc6 3. Bb5 Nf6 4. d3 Bc5 5. c3 O-O 6. Bg5 {C65: Ruy Lopez: Berlin Defence (3...Nf6), unusual lines and 4 0-0 Bc5} (6. O-O Re8 7. Nbd2 a6 8. Bxc6 dxc6 9. Nc4 Bd6 10. Bg5 b5 11. Ne3 Qe7 12. Nh4 Qe6 13. Nhf5 Bf8 {½-½ (53) Caruana,F (2804)-Nakamura,H (2787) Saint Louis 2018}) 6... h6 7. Bh4 g5 8. Bg3 d6 9. Nbd2 Nh5 10. Qe2 Qf6 11. O-O-O Kg7 $146 ({Predecessor:} 11... Be6 12. Kb1 a6 13. Bc4 Rad8 {0-1 (51) Svetushkin,D (2568)-Vasilev,M (2469) Plovdiv 2008}) 12. Kb1 a6 13. Bc4 (13. Bxc6 $5 bxc6 14. Nb3 $11) 13... Rb8 14. Rdf1 Bd7 (14... Qg6 {feels hotter.} 15. Bd5 Bd7 16. Qd1 Rbe8 17. Nb3 Ba7) 15. d4 exd4 16. Nxd4 Nxg3 ({Of course not} 16... Nxd4 17. Qxh5 Nc6 18. f4) 17. fxg3 Nxd4 18. cxd4 Qxd4 {And now ...Qe3 would win.} 19. Nf3 $1 {[%cal Rf3d4]} Qf6 20. Nh4 Qd4 21. Nf3 $1 {[%cal Rf3d4]} Qf6 22. Nh4 $1 Qd4 23. Nf3 $1 {Precision: White = 49%, Black = 49%.} 1/2-1/2

[Event "RUS-chT Premier League 2018"]
[Site "Sochi"]
[Date "2018.05.04"]
[Round "4"]
[White "Tomashevsky, Evgeny"]
[Black "Bocharov, Dmitry"]
[Result "1/2-1/2"]
[WhiteElo "2714"]
[BlackElo "2594"]
[Annotator "TA"]
[PlyCount "163"]
[EventDate "2018.??.??"]
[EventCountry "RUS"]
[SourceTitle "playchess.com"]
[Source "ChessBase"]
[SourceQuality "1"]

{[%evp 19,163,39,37,18,29,29,21,9,32,2,19,7,21,19,0,0,-2,-14,-7,-22,-27,-29,0,-27,-31,-29,-24,-28,-32,-25,-35,-40,0,0,0,0,0,-4,16,16,16,14,21,21,14,22,22,22,10,5,63,17,72,72,96,96,96,96,96,96,97,70,70,70,70,68,68,61,61,61,67,67,67,61,61,61,61,61,61,28,28,28,33,37,75,28,28,28,28,28,28,28,28,28,28,28,28,0,28,28,28,28,28,28,28,28,28,28,28,28,28,28,28,28,28,28,28,28,28,28,28,8,28,28,28,28,28,28,28,28,28,28,28,28,28,18,20,20,28,28,28,28,28,28,28,8]} 1. d4 Nf6 2. c4 e6 3. Nf3 d5 4. Nc3 Be7 5. Bf4 O-O 6. e3 b6 7. Bd3 c5 {D37: Queen's Gambit Declined: 5 Bf4} (7... dxc4 8. Bxc4 Ba6 9. Bxa6 Nxa6 10. Qe2 Qc8 11. O-O c5 12. Rfd1 Qb7 13. dxc5 Nxc5 14. Bd6 {½-½ (14) Lenic,L (2646)-Fressinet,L (2650) Tbilisi 2017}) 8. dxc5 bxc5 9. O-O Bb7 10. cxd5 exd5 {LiveBook: 8 Games} 11. Qb3 Qb6 12. Qxb6 axb6 13. Rfd1 Na6 $146 ({Predecessor:} 13... Nbd7 14. Bf5 Rfd8 15. Bc7 Rdc8 16. Bg3 Rd8 17. Bc7 Rdc8 18. Bf4 Bc6 19. Rab1 g6 20. Bh3 Rd8 21. a3 Bb7 22. Bc7 {½-½ (22) Kravtsov,V (2158)-Wimmer,J (2274) LSS email 2011}) 14. a3 Rfd8 15. Nb5 Bc6 16. Be2 Ne4 17. Ne5 Be8 18. Nf3 g5 19. Be5 f6 20. Bc3 Nxc3 21. Nxc3 Nc7 22. Bd3 Kg7 23. Ne2 Bd6 24. Rd2 b5 25. Rc1 c4 26. Bf5 b4 27. axb4 Bxb4 28. Nc3 Nb5 (28... Bg6 {looks sharper.} 29. Nd4 Ra2 30. Rdc2 Bxc3 31. bxc3 Rxc2 32. Bxc2 Bxc2 33. Rxc2 Rb8) 29. Rxd5 Bxc3 $1 30. Rxd8 Rxd8 31. bxc3 Nxc3 32. Kf1 ({Don't go for} 32. Nd4 $2 {[#]} Rxd4 $1 {[%mdl 512]} 33. Kf1 Rd1+ 34. Rxd1 Nxd1 $19) 32... Rd1+ 33. Rxd1 Nxd1 $11 {[%mdl 4096] Endgame KBN-KBN} 34. Ke1 Nb2 (34... Ba4 $11) 35. Nd4 Bf7 (35... Bg6 $11) 36. Kd2 $16 Na4 37. Bc2 Nb6 38. Nf5+ Kf8 39. Nd6 Bd5 40. f3 h5 41. Kc3 h4 42. Be4 Be6 43. Kd4 Ke7 44. Nb5 Bd7 45. Nc3 Be6 46. Bb7 Nd7 47. f4 gxf4 48. exf4 Nf8 49. Ba6 Ng6 50. g3 hxg3 51. hxg3 f5 52. Bxc4 Bxc4 53. Kxc4 {[#] Threatens to win with Kd5. KN-KN} Ke6 54. Nb5 Ne7 55. Kc5 Ng8 56. Nd4+ Kf6 57. Nc2 {Hoping for Kd6.} Ke6 58. Nd4+ Kf6 59. Nf3 Ke6 60. Kc4 Nh6 61. Ne5 Ng8 62. Kd4 Nf6 63. Ke3 Nd5+ 64. Kf2 Nc3 65. Kf3 Nd5 66. Nc6 Kf6 67. Nd4 Nc3 68. Ke3 Na4 69. Nb5 Nc5 70. Kd4 Nb3+ 71. Kd3 Nc5+ 72. Ke3 Ne6 73. Nd4 Nc5 74. Kf3 Nd3 75. Kg2 Nc5 76. Kh3 Ne4 77. Kh4 Kg6 78. Nc6 Nd6 79. Ne7+ {White has an edge.} Kf6 80. Nd5+ Kg6 81. Nc3 Kh6 82. g4 {Precision: White = 70%, Black = 71%.} 1/2-1/2

[Event "RUS-chT Premier League 2018"]
[Site "Sochi"]
[Date "2018.05.04"]
[Round "4"]
[White "Fedoseev, Vladimir"]
[Black "Stupak, Kirill"]
[Result "1/2-1/2"]
[WhiteElo "2706"]
[BlackElo "2556"]
[Annotator "TA"]
[PlyCount "152"]
[EventDate "2018.??.??"]
[EventCountry "RUS"]
[SourceTitle "playchess.com"]
[Source "ChessBase"]
[SourceQuality "1"]

{[%evp 19,152,22,34,32,59,56,75,39,43,40,78,76,85,93,106,99,99,91,120,134,118,108,129,127,172,183,229,205,209,207,197,156,233,243,258,261,250,160,167,167,162,155,178,91,92,81,85,93,88,68,107,92,98,100,107,89,100,37,103,102,98,81,96,66,68,59,57,58,63,41,85,53,66,58,81,97,95,77,59,23,23,23,23,24,16,8,8,16,59,61,129,128,120,129,139,137,144,143,143,121,108,8,66,8,8,8,12,24,61,8,8,0,129,0,0,0,8,8,8,8,8,8,11,8,8,0,9,8,45,0,7,0,0,0,10]} 1. e4 {[%cal Be2e4,Be4e5][%mdl 32]} e6 2. d4 d5 3. e5 c5 {[%cal Bc7c5,Bc5c4][%mdl 32]} 4. c3 Qb6 5. Nf3 Nc6 6. a3 f6 7. Bd3 fxe5 {C02: French: Advance Variation} (7... c4 8. Bc2 Bd7 9. O-O fxe5 10. Nxe5 Nxe5 11. dxe5 O-O-O 12. Nd2 Ne7 13. b4 cxb3 14. Nxb3 Nc6 15. Be3 {1-0 (35) Matlakov,M (2707)-Diermair,A (2507) Batumi 2018}) 8. dxe5 c4 9. Bc2 g6 10. O-O Bg7 $1 {LiveBook: 3 Games} 11. Nbd2 Nh6 12. b3 cxb3 13. Bxb3 O-O 14. c4 Na5 $146 ({Not} 14... Bxe5 $2 15. cxd5 Bxa1 16. Nc4 $18) ({Predecessor:} 14... Ng4 15. cxd5 Ncxe5 16. dxe6 Bxe6 {½-½ (77) Lebret,J (2096)-Ollier,P (2369) Avoine 2015}) 15. cxd5 {Hoping for Ba2.} Nxb3 16. Nxb3 exd5 17. Be3 $36 {[%mdl 2048] White is really pushing.} Qd8 18. Bg5 Qb6 19. Nbd4 Nf7 20. Rb1 Qa6 21. Qb3 Qc4 22. Qe3 $1 Re8 {[%cal Rf7e5]} 23. Rfc1 Qa4 {[%cal Rg7e5]} 24. Rb4 $1 {[%cal Rb4a4]} Qa5 {[%cal Rf7e5]} 25. Bf4 Nd6 (25... Bf8 $16) 26. Qc3 $18 Ne4 27. Qb3 $1 {Rb5 is the strong threat.} a6 28. Ra4 Qd8 29. Nb5 $1 {[%cal Rb5c7]} Bd7 30. Qxd5+ Kh8 {...Bc6 would now be nice for Black.} 31. Rxe4 (31. Rd4 $18 Bc6 32. Qf7) 31... Bxb5 $16 32. Qb3 {Strongly threatening Ng5.} Qd3 33. Qxd3 $1 Bxd3 34. Re3 Rad8 35. h4 Bb5 36. Bg5 Rd7 37. Bf6 Bc6 38. Rc4 (38. Bxg7+ $16 Kxg7 39. Rce1) 38... Kg8 (38... Bxf6 $14 39. exf6 Rf8) 39. Bxg7 Kxg7 40. Nd4 Bd5 41. Rb4 b5 42. Nb3 Bc4 43. Kh2 Rd1 44. Kg3 Rc8 45. f3 Kf7 46. Na5 Ke6 47. Nxc4 Rxc4 48. Rxc4 bxc4 {[%mdl 4096] Endgame KR-KR} 49. Re4 c3 $1 {[%cal Rc3c2]} 50. Rc4 Rd3 51. Rc5 Kf5 52. a4 h5 53. Kh3 Re3 54. Kh2 $1 Ke6 (54... Rd3 $14) 55. Kg3 Kf5 56. Kf2 Rd3 57. g3 $1 Rd2+ 58. Ke3 Rg2 59. Rxc3 {And now Rc6 would win.} Rxg3 {[#]} 60. Rc4 (60. Kd4 $1 $16 {Black must now prevent Rc6.} Rh3 61. Kd5) 60... Rg1 ({Better is} 60... Rh3 $11) 61. Kf2 ({White should try} 61. Re4 $14) 61... Ra1 $11 62. Re4 Ke6 63. Kg3 Rh1 $1 64. Re2 (64. Re3 $1 $14) 64... Ra1 65. Re4 (65. Kf4 $11) 65... Rh1 $1 $16 {[#]} 66. Kf2 ({Only move:} 66. Re3 $1 $16) 66... Rh2+ $11 67. Ke3 Rh3 68. Ke2 Rh2+ 69. Kd3 Rh3 70. Ke3 Rh1 71. Kd4 Rc1 72. Kd3 Rf1 73. Ke2 Ra1 74. Ke3 {next Kf4 is good for White.} Rh1 $1 {The position is equal.} 75. Kf2 Rh2+ 76. Ke3 Rh1 {Precision: White = 63%, Black = 67%.} 1/2-1/2

[Event "RUS-chT Premier League 2018"]
[Site "Sochi"]
[Date "2018.05.04"]
[Round "4"]
[White "Rodshtein, Maxim"]
[Black "Antipov, Mikhail Al"]
[Result "1/2-1/2"]
[WhiteElo "2681"]
[BlackElo "2597"]
[Annotator "TA"]
[PlyCount "139"]
[EventDate "2018.??.??"]
[EventCountry "RUS"]
[SourceTitle "playchess.com"]
[Source "ChessBase"]
[SourceQuality "1"]

{[%evp 17,139,14,10,14,17,13,18,10,16,5,53,46,48,50,51,39,50,54,54,32,84,72,104,100,102,102,102,102,102,102,102,107,102,102,102,104,106,108,95,74,82,82,83,83,102,83,102,102,102,83,103,91,102,83,102,102,102,102,124,102,102,86,102,82,95,78,102,102,102,0,102,0,103,103,103,83,103,85,102,103,142,133,142,115,108,108,108,108,108,107,107,107,107,107,107,105,105,105,105,105,105,105,105,105,105,105,105,105,105,105,105,105,105,105,105,0,105,105,146,107,107,78,78,68]} 1. d4 Nf6 2. c4 c6 3. Nf3 d5 4. e3 Bf5 5. Nc3 a6 6. Be2 {D15: Slav Defence: 4 Nc3 a6 and gambit lines after 4 Nc3 dxc4} h6 7. Qb3 Ra7 8. cxd5 cxd5 9. Ne5 e6 {LiveBook: 9 Games} 10. O-O Be7 11. Bd2 O-O 12. Rfc1 Nfd7 13. Nxd7 Nxd7 {[#]} 14. Na4 $146 b5 15. Nc5 Nb6 16. a4 bxa4 17. Nxa4 Nxa4 18. Qxa4 Qb8 {[#]} ({Black should play} 18... Bd6 $14) 19. b4 $1 $16 Rb7 {[%cal Re7b4]} 20. Bxa6 Bxb4 21. Bxb7 Bxd2 {[#]} 22. Qc6 $1 {Threatens to win with Rc5.} Bxc1 23. Ra8 {[#]} ({Much weaker is} 23. Rxc1 $6 Qa7 $11) 23... Qxa8 $1 {[%mdl 512]} 24. Bxa8 Ba3 25. Bb7 Be7 26. f3 Bf6 27. Kf2 h5 28. g3 Rd8 29. Qc7 Rf8 30. Ke2 Rd8 31. Ba6 Ra8 32. Qb7 Rd8 33. Kd2 Kf8 34. Be2 Be7 35. Kc3 Bg6 36. Qc7 Ra8 37. Ba6 Rd8 38. Bb7 Bf5 39. Bc6 Bf6 40. Bb5 Kg8 41. Ba6 Re8 42. Kd2 Rd8 43. Ke2 Ra8 44. Qb7 Rd8 45. Kf2 Kf8 46. Be2 Be7 47. Kg2 Bg6 48. h3 {[%cal Bh2h3,Bh3g4][%mdl 32]} f5 49. Bd3 Bf7 50. g4 hxg4 51. fxg4 fxg4 52. hxg4 g5 53. Qc7 {aiming for Qe5.} Bf6 54. Qh2 Ke7 55. Kf3 Kf8 56. Qc7 Re8 57. Bb5 Re7 58. Qd6 Kg7 59. Bd7 Bg8 60. Ke2 Bf7 61. Kd2 Bg8 62. Bc8 Bf7 63. Ba6 Re8 64. Bb5 Re7 65. Bd3 Re8 66. Bb5 Re7 $1 67. Ba4 e5 68. dxe5 Rxe5 69. Bc2 d4 70. exd4 {Precision: White = 59%, Black = 75%.} 1/2-1/2

[Event "RUS-chT Premier League 2018"]
[Site "Sochi"]
[Date "2018.05.04"]
[Round "4"]
[White "Inarkiev, Ernesto"]
[Black "Esipenko, Andrey"]
[Result "1/2-1/2"]
[WhiteElo "2680"]
[BlackElo "2587"]
[Annotator "TA"]
[PlyCount "91"]
[EventDate "2018.??.??"]
[EventCountry "RUS"]
[SourceTitle "playchess.com"]
[Source "ChessBase"]
[SourceQuality "1"]

{[%evp 25,91,20,21,25,41,31,38,40,55,53,81,75,79,77,72,85,99,105,112,86,131,136,136,128,145,133,151,151,148,142,135,135,145,146,151,150,147,147,147,149,155,139,156,145,145,146,153,141,150,136,158,145,158,0,547,547,805,632,804,795,948,-758,-552,-29982,-864,-5114,-1157,-29982]} 1. e4 c6 2. d4 d5 3. exd5 cxd5 4. Bd3 Nc6 5. c3 Nf6 6. Bf4 Bg4 7. Qb3 Qc8 8. Nd2 e6 9. Ngf3 Be7 10. O-O Bh5 11. Rae1 O-O 12. Qc2 Bg6 13. Bxg6 hxg6 14. Qd3 {B13: Caro-Kann: Exchange Variation and Panov-Botvinnik Attack} a6 (14... Nh5 15. Bg3 Nxg3 16. fxg3 b5 17. g4 b4 18. h4 bxc3 19. bxc3 Qc7 20. g5 Qg3 21. Rf2 Rac8 {1-0 (32) Sadzikowski,D (2548)-Flasinski,M (2205) Katowice 2017}) 15. Ng5 Nh5 16. Qh3 {White is slightly better.} e5 $146 ({Predecessor:} 16... Qd8 17. Ndf3 Bd6 18. Bxd6 Qxd6 19. g4 Nf6 20. Ne5 Qe7 21. Qh4 Rfe8 22. Ngxf7 Qxf7 23. Nxf7 Kxf7 {1-0 (34) Schneider,J-Nazarko,S (2325) St Ingbert 1993}) 17. dxe5 Qf5 18. g3 d4 19. Ndf3 dxc3 20. bxc3 Qxh3 21. Nxh3 Nxf4 22. Nxf4 Rfd8 23. h4 Rac8 24. Re2 Rd7 25. e6 Rd6 26. c4 {[%cal Bc3c4,Bc4c5][%mdl 32]} fxe6 27. c5 Rd7 28. Nxe6 Bf6 29. Rfe1 Re8 30. Re4 Ree7 31. Kg2 Rd5 32. R1e2 Rd1 33. Kh3 Rdd7 34. g4 Rd3 35. Kg2 Rdd7 36. Kg3 Re8 37. R4e3 Ree7 38. Kg2 Kf7 39. Re4 $2 (39. Re1 $16) 39... Rxe6 $4 {[%mdl 8192]} (39... Kg8 $11 {and Black has nothing to worry.}) 40. Rxe6 $18 Nd4 {[#]} 41. Rxf6+ $1 Kxf6 42. Rd2 Re7 43. Re2 $4 {[%mdl 8192]} (43. Rxd4 $18 a5 44. Rd6+ Kf7 45. Ng5+ Kf8 46. Rxg6) 43... Rxe2 44. Nd2 Nc2 (44... Rxd2 $142 45. a4 Ra2 46. Kg3 Rxa4 47. f3 a5 48. g5+ Kf5 49. h5 gxh5 50. Kg2 Ra2+ 51. Kg3 a4 52. c6 bxc6 53. f4 g6 54. Kh4 Kxf4 55. Kh3 a3 56. Kh4 Rh2#) 45. h5 Kg5 46. Ne4+ {[%mdl 32768] Precision: White = 64%, Black = 45%. . An unexpected result.} 1/2-1/2

[Event "RUS-chT Premier League 2018"]
[Site "Sochi"]
[Date "2018.05.04"]
[Round "4"]
[White "Kamsky, Gata"]
[Black "Lobanov, Sergei"]
[Result "1-0"]
[WhiteElo "2670"]
[BlackElo "2482"]
[Annotator "TA"]
[PlyCount "103"]
[EventDate "2018.??.??"]
[EventCountry "RUS"]
[SourceTitle "playchess.com"]
[Source "ChessBase"]
[SourceQuality "1"]

{[%evp 13,103,0,0,-4,-12,-11,-6,-18,0,0,0,-5,0,-18,0,-4,0,0,0,-29,-33,-33,-42,-38,-30,-24,-26,-31,-18,-37,-48,-39,-56,-139,-187,-153,-125,-118,-129,-106,-94,-107,0,0,0,12,131,69,66,75,77,71,147,142,136,145,189,153,220,184,223,117,217,213,197,201,195,178,177,159,179,156,271,271,271,271,615,614,704,716,626,623,551,391,5856,5855,5435,5433,5401,5389,4602,3966]} 1. Nf3 d5 2. g3 Nf6 3. Bg2 c6 4. d3 Bg4 {[%cal Bc8g4,Bg4h5,Bh5g6][%mdl 32]} 5. Nbd2 Nbd7 6. h3 Bh5 7. c4 {A07: Réti Opening: New York and Capablanca Systems} (7. O-O e5 8. e4 dxe4 {½-½ (8) Turner,M (2545)-Korneev,O (2548) Dublin 2018}) 7... e6 {LiveBook: 7 Games} 8. g4 Bg6 9. Nh4 {The position is equal.} Bd6 10. a3 $146 ({Predecessor:} 10. Nxg6 hxg6 11. Qc2 Qe7 12. e3 a5 13. Rb1 g5 14. b3 Ba3 15. Bxa3 Qxa3 {½-½ (36) Haves,R (2254)-Kitte,S (2287) Germany 2005}) 10... a5 11. b3 Qe7 12. Nxg6 hxg6 13. Bb2 b5 14. cxb5 cxb5 15. Nf3 e5 16. g5 Nh5 17. e3 O-O 18. O-O Rac8 19. b4 axb4 20. axb4 Nb6 {[%cal Bd7b6,Bb6a4,Ba4c3,Bc3e2][%mdl 32]} 21. Ra6 Na4 22. Ba1 Nc3 23. Qb3 (23. Bxc3 $1 $15 Rxc3 24. Rb6) 23... Ne2+ $17 24. Kh1 e4 25. dxe4 dxe4 26. Nd2 Bb8 $1 {( -> ...Qc7)} 27. Rb6 ({Much weaker is} 27. Nxe4 $6 Rc4 $11) 27... Qc7 ({And not} 27... Qxg5 28. Nxe4 Qf5 29. Qb2 $18) ({Black should try} 27... Qd8 $17 28. Rxb8 Qxd2 29. Rxc8 (29. Rxb5 $2 Nhg3+ 30. fxg3 Nxg3+ 31. Kg1 Rc2 $19) 29... Rxc8) 28. Rxb8 $1 $11 Rxb8 29. Nxe4 {Qb2 is the strong threat.} Qc4 (29... Rfd8 $11) 30. Nd2 (30. Qxc4 $1 $16 bxc4 31. Rb1) 30... Qxb3 31. Nxb3 Rbc8 32. Nc5 $1 Rfd8 (32... Neg3+ $142 33. fxg3 Nxg3+ 34. Kh2 Nxf1+ 35. Bxf1 Rfd8) 33. Re1 $1 $16 Rd2 34. Bf3 Neg3+ 35. fxg3 Nxg3+ 36. Kg1 Rcd8 37. e4 (37. Be5 $18 Nf5 38. Bc6) 37... Rc2 (37... Ra8 $16) 38. Be5 $18 Nh5 39. Be2 f6 40. gxf6 gxf6 {[#]} 41. Bc7 $1 {[%cal Rc7d8]} Rd4 42. Bd1 Rb2 {[#]} (42... Rc3 $16 {was necessary.} 43. Bg4 Rxb4) 43. Bxh5 $1 gxh5 44. e5 {[%cal Be4e5,Be5e6][%mdl 32]} Kf7 $2 (44... fxe5 45. Bxe5 Rdxb4 46. Bxb2 Rxb2) 45. e6+ Ke7 46. Nb7 Rbd2 47. Bb6 R4d3 48. Be3 Ra2 $2 (48... Rd1 49. Bc5+ Ke8 50. Rxd1 Rxd1+ 51. Kf2 Rh1) 49. Bc5+ {White is clearly winning.} Ke8 50. Nd6+ Kd8 51. e7+ Kc7 52. Nf5 {Precision: White = 66%, Black = 34%.} 1-0